1652 1309 1265 1222 1971 1627 1849 1576 1841 1805 1971 1338 1291 1561 1312 1335 1380 1998 1502 1633 1034 1291 1885 1094 1900 1478 1681 1308 1040 1772 1620 1316 1752 1646 1534 1727 1537 1452 1886 1146 1447 1657 1440 1100 1835 1833 1980 1455 1463 1985 1378 1567 1729 1337 1566 1401 1107 1140 1022 1027 1113 1311 1008 1824 1866 1470 1519 1159 1056 1864 1979 1636 1322 1633 1017 1200 1519 1224 1277 1000 1857 1387 1507 1624 1041 1186 1752 1106 1598 1417 1398 1747 1129 1445 1019 1550 1916 1251 1483 BCNSPRNW ULIB Ver.6.0+V

เปลี่ยนเป็นภาษาไทย

Change to English
 แสดงรายละเอียดบรรณานุกรม
  กลับหน้าหลัก

Brief Record : Get Marc (ISO 2709) : E-mail record : QR code < ปิดหน้าต่าง
LEADER : 00000nam 2200000uu 4500
001    13399128810
003     ULIB
008    241008s2561||||th 000 0 tha d
020 ^^ ^a9786164073111
060 ^^ ^aWI735^bม269
245 ^^ ^aมะเร็งตับและท่อน้ำดี =^bLiver and bile duct cancer/^cรุ่งฤดี ชัยธีรกิจ, บรรณาธิการ
246 ^^ ^aLiver and bile duct cancer
260 ^^ ^aสถานที่พิมพ์ : ^bสำนักพิมพ์, ^c2561
300 ^^ ^aix, 290 หน้า : ^bภาพประกอบสี ; ^c26 ซม.
520 ^^ ^aหนังสือ “มะเร็งตับและท่อน้ำดี” เล่มนี้ครอบคลุมทุกอย่างที่ต้องรู้ ควรรู้ ของโรคมะเร็งทั้ง 2 ตั้งแต่ระบาดวิทยา พยาธิกำเนิด การวินิจฉัย การคัดกรอง การแบ่งระยะของโรคการรักษาด้วยการผ่าตัด การรักษาแบบเฉพาะที่ และการรักษาแบบ systemic ฯลฯ เนื้อหาในหนังสือเล่มนี้ประกอบด้วยความรู้เกี่ยวกับมะเร็งตับและมะเร็งท่อน้ำดี ด้านระบาดวิทยา ปัจจัยเสี่ยงและสาเหตุพยาธิกำเนิดของโรค แนวทางการวินิจฉัยและการคัดกรอง วิธีการรักษาในปัจจุบันและแนวทางการรักษาใหม่ ที่จะนำมาใช้ในอนาคตอันใกล้ รวมไปถึงวิธีการป้องกันโรค คำศัพท์ทางการแพทย์ที่ใช้ในหนังสือเล่มนี้ส่วนใหญ่เป็นภาษาไทยโดยมีภาษาด้วยเพื่อความเข้าใจที่ถูกต้อง บางคำศัพท์ใช้เป็นคำภาษาอังกฤษเนื่องจากเมื่อแปลเป็นคำภาษาไทยอาจเข้าใจได้ยาก
650 ^^ ^aมะเร็งตับ ^xการวินิจฉัย
650 ^^ ^aมะเร็งตับ ^xการรักษา
650 ^^ ^aมะเร็งตับ ^xการผ่าตัด
650 ^^ ^aตับ, เนื้องอก
650 ^^ ^aท่อน้ำดี, เนื้องอก
650 ^^ ^aมะเร็งท่อน้ำดี ^xการวินิจฉัยและการคัดกรอง
650 ^^ ^aมะเร็งท่อน้ำดี ^xการรักษา
650 ^^ ^aมะเร็งท่อน้ำดี ^xการผ่าตัด
650 ^^ ^aมะเร็งตับและท่อน้ำดี
700 ^^ ^aรุ่งฤดี ชัยธีรกิจ, ^eบรรณาธิการ
710 ^^ ^aจุฬาลงกรณ์มหาวิทยาลัย. ^bภาควิชาอายุรศาสตร์ ^bสาขาวิชาโรคทางเดินอาหาร
945    ^p580^l0^i010948
945    ^p580^l0^i010949
945    ^p580^l0^i010950
945    ^p580^l0^i010951
945    ^p580^l0^i010952
945    ^p580^l0^i010953
945    ^p580^l0^i010954
999    ^aประนอม เกษจรัล
รายการนี้ยังไม่มีแท็ก
คุณยังไม่ได้ล็อกอิน คุณสามารถมีกิจกรรมร่วมกับเว็บไซต์ได้ แต่ต้องล็อกอินก่อน ::
  ล็อกอิน

รายการสื่อสารสนเทศ

ลำดับที่ ประเภท เลขเรียก/บาร์โค้ด สถานที่ สถานะ
1. วิทยาศาสตร์การแพทย์ และสุขภาพ
หนังสือสำรอง
สถานะ=หนังสือสำรอง
WI735 ม269 ฉ.1 
  Barcode: 010948
ห้องสมุดวิทยาเขตสวรรค์ประชารักษ์
►หนังสือทั่วไป
บนชั้น
2. วิทยาศาสตร์การแพทย์ และสุขภาพ
วิทยาศาสตร์การแพทย์ และสุขภาพ
WI735 ม269 ฉ.2 
  Barcode: 010949
ห้องสมุดวิทยาเขตสวรรค์ประชารักษ์
►หนังสือทั่วไป
บนชั้น
3. วิทยาศาสตร์การแพทย์ และสุขภาพ
วิทยาศาสตร์การแพทย์ และสุขภาพ
WI735 ม269 ฉ.3 
  Barcode: 010950
ห้องสมุดวิทยาเขตสวรรค์ประชารักษ์
►หนังสือทั่วไป
บนชั้น
4. วิทยาศาสตร์การแพทย์ และสุขภาพ
วิทยาศาสตร์การแพทย์ และสุขภาพ
WI735 ม269 ฉ.4 
  Barcode: 010951
ห้องสมุดวิทยาเขตสวรรค์ประชารักษ์
►หนังสือทั่วไป
บนชั้น
5. วิทยาศาสตร์การแพทย์ และสุขภาพ
วิทยาศาสตร์การแพทย์ และสุขภาพ
WI735 ม269 ฉ.5 
  Barcode: 010952
ห้องสมุดวิทยาเขตสวรรค์ประชารักษ์
►หนังสือทั่วไป
บนชั้น
6. วิทยาศาสตร์การแพทย์ และสุขภาพ
วิทยาศาสตร์การแพทย์ และสุขภาพ
WI735 ม269 ฉ.6 
  Barcode: 010953
ห้องสมุดวิทยาเขตสวรรค์ประชารักษ์
►หนังสือทั่วไป
บนชั้น
7. วิทยาศาสตร์การแพทย์ และสุขภาพ
วิทยาศาสตร์การแพทย์ และสุขภาพ
WI735 ม269 ฉ.7 
  Barcode: 010954
ห้องสมุดวิทยาเขตสวรรค์ประชารักษ์
►หนังสือทั่วไป
บนชั้น

รายการใกล้เคียง
    หัวเรื่อง [ตับ, เนื้องอก]
    หัวเรื่อง [ท่อน้ำดี, เนื้องอก]
    หัวเรื่อง [มะเร็งตับและท่อน้ำดี]

BibComment


ยังไม่เคยถูกคอมเมนท์

คอมเมนท์ทรัพยากรรายการนี้
  คอมเมนท์: มะเร็งตับและท่อน..


 Copyright 2026. Bcnsprnw @Library